000 01704cam a22004694i 4500
003 PE-LiUPU
005 20250731172752.0
008 150617s1965 bl rb 000 0 por d
035 _a(Sirsi) a12494
040 _aPE-LiUPU
_bspa
_cPE-LiUPU
_erda
049 _aPRUA
082 0 4 _a248.6
_bK21
_221
100 1 _aKantonen, T. A.,
_eautor.
245 1 2 _aA teologia da mordomia crista /
_cT. A. Kantonen.
264 1 _aSao Paulo :
_bEditora Luterana,
_c1965.
300 _a174 páginas ;
_c18 centímetros
336 _atext
_2rdacontent
337 _aunmediated
_2rdamedia
338 _avolume
_2rdacarrier
504 _aIncluye notas bibliográficas.
505 0 _aMordomia e teologia -- A mordomia e a palavra de Deus -- A mordomia e a natureze de Deus -- A mordomia e Cristo -- O Espíritu Santo e a igreja -- Justificacao pela fé -- O sacerdócio de todos os crentes -- A recompensa do mordomo.
526 _aSEG42
526 _aSEG41
526 _aSEG40
526 _aSEG39
526 _aP94
526 _aP87
526 _aP86
526 _aP85
526 _aP77
526 _aP76
526 _aP35
650 1 4 _aMayordomía cristiana.
_9930
650 2 4 _aVida cristiana.
910 _ajck
_bjvq
_cjck
_d20150616
942 _2ddc
_cBOOK
949 _a248.6 K21
_wDEWEY
_c1
_i19649
_lCCODEBUL1
_mBUL
_p00.00
_r0
_sY
_tBOOK
_u19811016
_xTEOLOGIA
_PP35
_0COMPRA
_o.STAFF. Colección general
994 _aC0
_bPEPRU
596 _a1
999 _a248.6 K21
_wDEWEY
_c2758
_i19649
_d2758
_f2021-11-12
_g5
_lCCODEBUL1
_mBUL
_p15.00
_q3
_r0
_sY
_tBOOK
_u2015-6-17
_xTEOLOGIA
_PP35
_0COMPRA
_o.STAFF. Colección Teología
980 _81
_gALBERTO SANCHEZ Responsable de Automatización